• 首页
  • 本馆介绍
  • 公告通知
  • 最新文献
  • 馆藏检索
  • 电子资源
  • 读者导购
  • 参考咨询
  • 我的图书馆
  • 登录
  • 详细信息显示
  • 放入我的书架
  • 预约/预借图书
  • 作者相关作品
  • 分类相关作品
  • 丛书相关作品
  • 出版社相关作品

书目信息

  • 表格格式
  • 工作单格式
  • 卡片格式
题名:
自适应控制
    
 
作者: 柴天佑 , 岳恒 著
分册:  
出版信息: 北京   清华大学出版社  2016.4
页数: 16, 350页
开本: 24cm
丛书名: 全国高等学校自动化专业系列教材
单 册:
中图分类: TP13
科图分类:
主题词: 自适应控制--高等学校--教材
电子资源:
ISBN: 978-7-302-42990-6
000 01354oam2 2200313 450
001 0400001435
005 20171018134034.0
010    @a978-7-302-42990-6@dCNY49.00
100    @a20160412e20172016em y0chiy50 ea
101 0  @achi
102    @aCN@b110000
105    @aack az 000yy
106    @ar
200 1  @a自适应控制@9zi shi ying kong zhi@b专著@dAdaptive control@f柴天佑,岳恒著@zeng
210    @a北京@c清华大学出版社@d2016.4@h2017.6
215    @a16, 350页@c图,肖像@d24cm
225 2  @a全国高等学校自动化专业系列教材
300    @a教育部高等学校自动化专业教学指导分委员会牵头规划
314    @a本书对自适应控制理论和应用进行了系统的介绍,其中相当部分的内容取材于作者及其学生多年来在这一领域的研究成果。主要内容包括:动态模型与参数估计、自校正控制、模型参考自适应控制、多变量自适应控制、非线性自适应控制和自适应控制的应用。
320    @a有书目
330    @a柴天佑 中国工程院院士,IFAC Fellow,IEEE Fellow。东北大学学术员会主任(2011-)。恒 东北大学流程工业综合自动化国家重点实验室教授。入选教育部世纪优秀人才支持计划,入选辽宁省百千万人才工程百人层次。
461  0 @12001 @a全国高等学校自动化专业系列教材
510 1  @aDaptive control@zeng
606 0  @a自适应控制@x高等学校@j教材
690    @aTP13@v5
701  0 @a柴天佑@9chai tian you@4著
701  0 @a岳恒@9yue heng@4著
801  0 @aCN@b91MARC@c20171018
905    @b1020854-8@dTP13@f5@e114
    
    自适应控制=Adaptive control/柴天佑,岳恒著.-北京:清华大学出版社,2016.4(2017.6)
    16, 350页:图,肖像;24cm.-(全国高等学校自动化专业系列教材)
    教育部高等学校自动化专业教学指导分委员会牵头规划
    
    ISBN 978-7-302-42990-6:CNY49.00
    柴天佑 中国工程院院士,IFAC Fellow,IEEE Fellow。东北大学学术员会主任(2011-)。恒 东北大学流程工业综合自动化国家重点实验室教授。入选教育部世纪优秀人才支持计划,入选辽宁省百千万人才工程百人层次。
●
相关链接 在E读中查询图书 在五车中查询图书 在当当中查询图书 在豆瓣中查询图书


正题名:自适应控制     索取号:TP13/114         预约/预借

序号 登录号 条形码 馆藏地/架位号 状态 备注
1 1020854   210208540   第二样本阅览室/ [索取号:TP13/114] 在馆    
2 1020855   210208559   第三借阅区/ [索取号:TP13/114] 在馆    
3 1020856   210208568   第三借阅区/ [索取号:TP13/114] 在馆    
4 1020857   210208577   密集书库—计算机科学学院/ [索取号:TP13/114] 在馆    
5 1020858   210208586   第三借阅区/ [索取号:TP13/114] 在馆    
唐山师范学院图书馆 欢迎您!
大连网信软件有限公司© 版权所有